[Event "Madrid Magistral 7th"]
[Site "Madrid"]
[Date "1998.05.11"]
[Round "1"]
[White "Beliavsky, Alexander G"]
[Black "Yermolinsky, Alex"]
[Result "0-1"]
[WhiteElo "2690"]
[BlackElo "2660"]
[Annotator "Ftacnik,L"]
[PlyCount "78"]
[EventDate "1998.05.11"]
[EventType "tourn"]
[EventRounds "9"]
[EventCountry "ESP"]
[EventCategory "17"]
[SourceTitle "CBM 065"]
[Source "ChessBase"]
[SourceDate "1998.08.06"]
[SourceVersion "1"]
[SourceVersionDate "1998.08.06"]
[SourceQuality "1"]

{[%mdl 140]} 1. d4 d5 2. c4 Nc6 3. cxd5 Qxd5 4. e3 e5 5. Nc3 Bb4 6. Bd2 Bxc3 7.
bxc3 (7. Bxc3 $5 exd4 8. Ne2 Bg4 9. f3 Be6 10. Nxd4 Nxd4 11. Qxd4 Qxd4 12. Bxd4
f6 13. Kf2 $14 {Atalik,S-Miladinovic,I/GRE/1996/1|0/47/}) 7... Nf6 (7... Qd6 8.
Bd3 Nge7 9. Ne2 O-O 10. O-O b6 11. f3 Be6 12. Qc1 Rad8 13. Be1 Ng6 14. Bg3 f5
15. Rd1 $13) 8. f3 O-O {The opening variation seems to be very pleasant for
white, but his massive pawn center can not be put into motion without proper
preparation. Black is ahead in development and his pieces exert lot of
pressure in the center.} (8... exd4 $6 9. cxd4 O-O 10. Qb3 $1 Qd6 11. Bc4 Be6
12. Ne2 Rfe8 13. O-O Rad8 (13... Bxc4 14. Qxc4 Rad8 15. Qb3 $1 $14) 14. Bxe6
Rxe6 15. Rac1 Qd7 16. Nf4 Rd6 17. Be1 $16 {Sakaev,K-Bigaliev,R/St-Petersburg/
1995/1|0/38/}) (8... Qd6 9. Bd3 O-O 10. Ne2 Be6 (10... Re8 11. O-O e4 (11... b6
12. Qa4 (12. Qc1 Bb7 13. Be1 (13. Ng3 Ne7 14. Kh1 Rad8 15. a4 $1 c5 16. a5 cxd4
17. cxd4 exd4 18. e4 $1 $44 {->} Ng6 $2 19. axb6 axb6 20. Nf5 Qb8 21. Bh6 $1
$18 {Tunik,G-Shestakov,S/Moscow/1996/}) 13... Rad8 14. Bh4 Qe6 15. Qc2 exd4 16.
exd4 Qe3+ 17. Kh1 Qh6 18. Bxf6 Qxf6 19. Bxh7+ Kh8 20. Be4 g6 21. Qd2 Kg7 22.
Qf4 {1-0 Giorgadze,G-Narciso Dublan,M/Vendrell op 1996 (36)}) 12... Bd7 13. Qc2
h6 14. Ng3 Rad8 15. Kh1 exd4 16. exd4 Be6 17. Ne4 Qe7 18. Rae1 Nd5 19. Bb5 Qd7
20. c4 Ndb4 21. Qb3 a6 22. Bxc6 Qxc6 23. Qxb4 {1-0 Franssila,T-Mertanen,J/
Kuopio We KSY op 1997/ (61)}) (11... Be6) 12. fxe4 Nxe4 13. Bxe4 Rxe4 14. Ng3
Re8 15. e4 $36) (10... b6 $5 $14) 11. O-O Rad8 (11... Rfe8 12. Qc1 $1 Rab8 (
12... Rad8 13. Be1 Bc8 14. Bf2 exd4 15. cxd4 Nb4 16. Bb1 Qa6 17. Nf4 Nc6 18.
Bd3 Qa5 19. h4 Ne7 20. Qb2 c6 21. Rac1 Ned5 {0-1 Cifuentes Parada,R-Sariego,W/
Capablanca mem-B 1996/ (39)}) 13. Be1 b5 14. Bh4 Nd7 15. Rd1 Na5 16. Bg3 Bc4
17. dxe5 Qe7 18. f4 f6 19. Bf5 Rbd8 20. Qc2 Nf8 21. Nd4 fxe5 22. fxe5 c5 23.
Nf3 $16 {Garcia,D - Arencibia,W/Terres Catalanes (7) 1996}) (11... a6 12. Qc1
Rfe8 13. Be1 b5 14. Bh4 Bc4 15. Bxc4 bxc4 16. Qd2 Ne7 17. e4 Ng6 18. Bf2 Nd7
19. Be3 Ngf8 20. Ng3 Ne6 21. Rad1 Qa3 22. Nf5 Rab8 23. Qe1 {1-0 Lomineishvili,
M-Zhurina,E/EU-chJW U20/1996/(27)}) 12. Qc1 exd4 (12... Rfe8 13. Be1 Nd7 14.
Qb1 h6 15. Qxb7 Rb8 16. Qa6 Rb2 17. Ng3 Nb6 18. Ne4 Qe7 19. Rf2 Bc8 20. Qxc8
Rxc8 21. Rxb2 Na5 22. Rb5 Nac4 {0-1 Estremera Panos,S-Arencibia,W/Mondariz op
1996 (30)}) 13. cxd4 Ne5 $6 14. dxe5 Qxd3 15. Bb4 $1 (15. exf6 Qxd2 16. Nd4
Qxc1 17. Rfxc1 Rd7 $1 18. Rab1 b6 19. fxg7 Kxg7 20. a4 Bd5 $10) 15... Rfe8 16.
Nf4 (16. exf6 Qxe2 17. fxg7 $14) 16... Qb5 $8 (16... Qc4 $4 17. Nxe6 $18) 17.
exf6 Qxb4 18. Nxe6 $6 (18. Rb1 $1 Qd2 19. Rxb7 Bxa2 20. Rxa7 $16) 18... Rxe6
19. Qxc7 Rde8 20. Rab1 Qd2 21. e4 Rc6 $1 22. Qg3 (22. Qxb7 $4 Rc2 $19) 22...
Rxf6 23. Rxb7 Qxa2 {1/2-1/2 Cifuentes Parada,R-Mellado,J/Terres Catalanes/1996/
(45)}) 9. e4 (9. Ne2 Qd6 10. Ng3 exd4 11. cxd4 Re8 12. Be2 Nd5 13. Qc1 f5 14.
O-O f4 15. Ne4 Qd8 16. Bc4 fxe3 17. Bxe3 Be6 18. Bf2 $14 {Ehlvest,J-Watson,J/
New York/1996/1-0(34)}) 9... Qd6 (9... Nxe4 $2 10. fxe4 Qxe4+ 11. Qe2 Qd5 12.
Qf3 $16) 10. Ne2 $6 {Unfortunate novelty, white wants to speed up the
development in the center, but Yermlinsky will find tactical refutation.} (10.
d5 Ne7 11. c4 b6 $5 (11... Nd7 12. Ne2 Nc5 $5 13. Nc3 f5 14. Be3 fxe4 15. Nxe4
Nxe4 16. fxe4 Qg6 17. Qc2 $14) 12. Ne2 Nd7 13. Nc3 a6 14. Bd3 (14. Be2 Nc5 15.
O-O (15. Be3 f5 $13) 15... f5 16. Be3 $14 Bd7 (16... Ng6 $5) 17. a4 Ng6 (17...
a5 18. Qc2 {/\Nb5} f4 19. Bf2 Qg6 20. Kh1 $16) 18. a5 (18. Re1 $5 Nf4 19. Bf1
fxe4 20. Nxe4 Nxe4 21. fxe4 $14) 18... Nf4 19. axb6 cxb6 20. Rb1 $1 {><b6} (20.
Kh1 fxe4 21. Bxc5 Qxc5 22. Nxe4 Qd4 $2 23. Qb3 $1 b5 24. Rfd1 Qa7 25. Bf1 $16)
20... Rae8 $1 (20... fxe4 21. Nxe4 $1 Nxe4 22. fxe4 Nxg2 23. Rxf8+ Rxf8 24.
Rxb6 Qa3 25. Qb3 Qxb3 26. Rxb3 Nxe3 27. Rxe3 Rc8 28. Ra3 $16) 21. Kh1 (21. Rf2
$5 Qg6 22. Bxc5 bxc5 23. Kh1 fxe4 24. fxe4 $14) 21... Rf6 $2 (21... Qg6 $1 22.
Rg1 $1 fxe4 23. Bxc5 bxc5 24. Nxe4 Bf5 25. Bd3 Nxd3 26. Qxd3 Bxe4 27. fxe4 Rf4
28. Rbe1 $14) 22. Rf2 $16 {1-0 Dautov,R-Miladinovic,I/Erevan olm 1996/ (35)})
14... Nc5 15. Bc2 f5 16. exf5 $6 (16. O-O $5 f4 17. Be1 g5 18. g4 $13) 16...
Bxf5 17. Bxf5 Nxf5 $15 18. O-O Qg6 (18... Nd4 $2 19. Be3 Qf6 20. Rf2 $22 Rae8
21. Ne4 $1 $16) 19. Qc2 e4 $5 (19... Rae8 20. Rae1 $10) 20. Nxe4 (20. fxe4 $2
Nd4 21. Qb2 Nd3 22. Qb1 Nf3+ 23. Kh1 Nh4 24. g3 Nf2+ 25. Kg1 Nf3+ $19) 20...
Nh4 $5 (20... Nd4 $5 21. Qd1 $8 Nxe4 22. fxe4 Qxe4 $15) 21. Bg5 $8 Nxf3+ 22.
Rxf3 Nxe4 $2 (22... Rxf3 $1 23. gxf3 Nxe4 24. Qxe4 Qxg5+ 25. Kh1 Rf8 $15) 23.
Rxf8+ Rxf8 24. Be3 Re8 25. Bd4 {1/2-1/2 James,D-Miladinovic,I/Erevan olm/1996/
(40)}) (10. Be3 Na5 11. Bd3 c5 12. Ne2 Nc6 13. d5 Na5 14. c4 b6 15. O-O Qe7 16.
Bd2 Nb7 17. Nc3 Nd6 18. g3 Nd7 19. Qe2 Ba6 20. a4 Kh8 21. f4 f5 22. exf5 Rae8
23. Nb5 Bxb5 24. axb5 e4 25. Bb1 Nxf5 26. Rxa7 {1-0 Popov,V-Dubinsky,R/
RUS-Cup8 1997/ (40)}) 10... exd4 11. Bf4 (11. Bg5 Rd8 12. cxd4 Nxd4 13. Qxd4
Qxd4 14. Nxd4 Rxd4 15. Bxf6 gxf6 $15) 11... Qa3 $1 (11... Qc5 12. cxd4 (12.
Bxc7 Re8 13. Qd2 dxc3 14. Nxc3 Nd4 $15) 12... Qb4+ 13. Qd2 $11) 12. cxd4 (12.
Bxc7 Be6 13. cxd4 Rac8 14. Bg3 Nb4 15. Kf2 Nc2 $17) 12... Nb4 13. Bc1 (13. Ng3
Rd8 14. d5 (14. Bxc7 Qe3+ 15. Qe2 Qc3+ 16. Kf2 Rxd4 $19) 14... c6 $17) (13. Bg3
c6 (13... c5 14. d5 Rd8 15. Qb1 c4 $17) 14. Kf2 Be6 $17) 13... Nd3+ 14. Kd2 {
The king has to play hero, but it is hardly a fullfilment of his eraly dreams.
Black gets additional dose of counterplay against his exposed majesty.} Nxc1 (
14... Qa6 15. Nc3 $18) 15. Qxc1 Qe7 (15... Qa5+ $6 16. Qc3 Qxc3+ 17. Nxc3 Rd8
18. Ke3 $14) 16. Qc3 Rd8 17. Rc1 (17. Kc1 c5 18. Qxc5 Qxc5+ 19. dxc5 Nd7 $15)
17... c6 (17... Rd7 18. Kc2 $13) 18. Qc5 (18. a3 Be6 $15) 18... Qe8 (18... Qxc5
$6 19. Rxc5 Be6 20. a3 $11) 19. Ke3 (19. Nf4 b6 20. Qxc6 Rxd4+ 21. Bd3 Bd7 $17)
19... Nd7 20. Qa3 (20. Qc2 Nb6 21. Nf4 Nd5+ 22. Nxd5 cxd5 $15) 20... Nb6 21.
Nf4 (21. g3 Be6 22. Nf4 Qd7 23. Nxe6 Qxe6 $15) 21... Nd5+ $1 {The picture is
rather unusual, white king sits on e3 with lots of heavy pieces still on the
board.} 22. Nxd5 cxd5 23. Rc7 (23. e5 f6 24. f4 Qg6 $15) 23... dxe4 24. fxe4
Be6 (24... Rxd4 $6 25. Qe7 $1 (25. Kxd4 Qd8+ 26. Ke3 Qxc7 $19) (25. Re7 Qd8 26.
Bb5 Bd7 (26... Bf5 27. Re8+ (27. exf5 Qb6 $19) 27... Qxe8 28. Bxe8 Rxe4+ 29.
Kf3 Rexe8 $17) 27. Kxd4 Bxb5+ 28. Ke3 Qb6+ 29. Kf3 Rd8 $19) 25... Qxe7 26. Rxe7
Kf8 (26... Rd8 27. Bc4 $14) 27. Rxf7+ Kxf7 28. Kxd4 Be6 29. Bc4 $11) 25. Rxb7 (
25. Qb2 Rd6 (25... Bd5 26. Bd3 Rac8 27. Rxc8 Rxc8 28. Kd2 Bxe4 29. Re1 f5 30.
Bxe4 fxe4 31. Qxb7 $11) 26. Be2 Rad8 $15) 25... Qc6 26. Rb5 (26. Rb1 Rac8 27.
Bd3 Bg4 $40) 26... Bd7 27. Qc5 (27. Rb4 Qh6+ 28. Kd3 a6 $1 $17) (27. Rc5 Qh6+
28. Kd3 a6 29. Kc2 Qf4 $17) 27... Qg6 $1 {Sacrifice of the pawn has opened
access to white king, his kingside pieces are still undeveloped.} (27... Qh6+
28. Qg5 Bxb5 29. Qxh6 gxh6 30. Bxb5 $11) 28. Rb7 (28. Qg5 Bxb5 29. Qxg6 hxg6
30. Bxb5 Rab8 $15) (28. Rb2 Bc6 29. Bd3 Re8 30. Qc2 Rac8 $17) 28... Bc6 29. Re7
Qh6+ 30. Kf3 (30. Kd3 a6 $17) (30. Ke2 Rac8 $17) 30... Qf6+ 31. Ke3 Rxd4 $1 32.
Qxd4 (32. Bc4 Rxc4 $1 33. Qxc4 Qxe7 34. Qxc6 Rd8 $19) 32... Qxe7 {White has
lost the last fig leaf of excuse for his exposed king and lack of development.
It is clear that he can not survive even with a small miracle.} 33. Bd3 Rd8 34.
Qc4 (34. Qc3 Qg5+ 35. Kf3 Rd6 $19) 34... Qg5+ 35. Kf2 (35. Kf3 Rd6 36. g3 Qd2
37. Be2 Rf6+ 38. Kg2 Qe3 $19) 35... Qd2+ 36. Be2 Qf4+ 37. Ke1 (37. Bf3 Rd2+ 38.
Ke1 (38. Kf1 Rd1+ 39. Kf2 Rxh1 40. Qxc6 Qb8 $19) 38... Qe3+ 39. Be2 Rb2 40. Qd3
Qb6 $19) 37... Bxe4 38. Rf1 Qd2+ 39. Kf2 Bd3 (39... Bd3 40. Qg4 Re8 41. Re1 Re6
$19) 0-1

[Event "Lyon zt"]
[Site "Lyon"]
[Date "1990.??.??"]
[Round "2"]
[White "Lautier, Joel"]
[Black "Meulders, Richard"]
[Result "1-0"]
[WhiteElo "2500"]
[BlackElo "2320"]
[Annotator "Ftacnik,L"]
[PlyCount "80"]
[EventDate "1990.04.??"]
[EventType "tourn"]
[EventRounds "13"]
[EventCountry "FRA"]
[EventCategory "8"]
[SourceTitle "CBM 018"]
[Source "ChessBase"]
[SourceDate "1990.10.01"]
[SourceVersion "1"]
[SourceVersionDate "1990.10.01"]
[SourceQuality "1"]

1. d4 d5 2. c4 Nc6 3. Nc3 e5 4. cxd5 Nxd4 5. e3 Nf5 6. Nf3 Bd6 7. e4 Nfe7 8.
Be2 a6 9. a4 Bg4 10. Nd2 $1 (10. O-O Bxf3 11. Bxf3 Nf6 $13) 10... Bxe2 11. Qxe2
Nf6 12. Nc4 Nd7 $2 (12... Ng6 $8) 13. f4 $1 Ng6 14. f5 Ngf8 15. Be3 Nf6 16. Na5
Qc8 17. Qc4 N8d7 18. b4 h6 19. Rb1 O-O 20. O-O Ne8 21. Rfc1 Ndf6 22. Qe2 Kh7
23. Qf3 b6 24. Nc4 Qd7 25. g4 {/\ h4, g5 +-} g5 26. Kf2 Kg7 27. h4 Nh7 (27...
gxh4 28. g5 $18) 28. Rh1 Nef6 29. Ne2 b5 30. Nd2 a5 31. Qh3 Rh8 32. Ng3 axb4
33. hxg5 Nxg5 34. Qh4 Nxg4+ (34... Ngh7 35. Bxh6+ Kg8 36. g5 $18) 35. Qxg4 f6
36. Nh5+ Kf7 37. Nxf6 $1 Kxf6 38. Rxh6+ Rxh6 39. Qxg5+ Kf7 40. Qxh6 Rg8 {
Ftacnik,L} 1-0

[Event "Lazne Bohdanec"]
[Site "Lazne Bohdanec"]
[Date "1996.??.??"]
[Round "7"]
[White "Babula, Vlastimil"]
[Black "Kaminski, Marcin"]
[Result "1-0"]
[WhiteElo "2540"]
[BlackElo "2525"]
[Annotator "Ftacnik,L"]
[PlyCount "59"]
[EventDate "1996.01.??"]
[EventType "tourn"]
[EventRounds "11"]
[EventCountry "CZE"]
[EventCategory "10"]
[SourceTitle "CBM 051"]
[Source "ChessBase"]
[SourceDate "1996.04.01"]
[SourceVersion "1"]
[SourceVersionDate "1996.04.01"]
[SourceQuality "1"]

1. d4 d5 2. c4 Nc6 3. Nf3 Bg4 4. cxd5 Bxf3 5. dxc6 Bxc6 6. Nc3 Nf6 7. f3 e5 8.
dxe5 Nd7 9. Bf4 (9. Qd4 Bc5 10. Qg4 Nxe5 11. Qxg7 Bf2+ 12. Kxf2 Qd4+ 13. Kg3
O-O-O 14. Bg5 Rhg8 15. Qf6 Nxf3 $3 $146 (15... Rd6 16. Qf4 $13) 16. Qxd4 Nxd4
17. Kh4 f6 $1 $17 {Markov,Y-Ivanov,V/USSR/1985/}) (9. e4 Bb4 (9... Nxe5 10. Be3
Bb4 (10... Bd6 11. Be2 Ng6 12. g3 Qe7 13. Nd5 Bxd5 14. Qxd5 O-O-O 15. Qf5+ Kb8
16. O-O Ne5 17. Rfc1 g6 18. Qh3 f5 19. Rc3 fxe4 20. fxe4 Bb4 21. Rc2 Nd3 22.
Qh4 Qxh4 23. gxh4 {De Boer,H-Porth,H/Bargteheide op/1988/1-0 (71)}) 11. Qc2
Qh4+ 12. Bf2 Qg5 13. a3 Bxc3+ 14. Qxc3 O-O-O 15. Bg3 Nd7 16. b4 Nb6 17. b5 Na4
18. Qc1 Qh5 19. Qf4 Rd7 20. e5 Rhd8 21. bxc6 Rd4 22. cxb7+ Kb8 23. Qe3 f5 24.
Be2 g5 25. f4 {1-0 Korpics,Z-Maljutin,E/Budapest Spring op/1992/}) 10. Qb3 (10.
Be3 Qh4+ 11. Bf2 Qe7 12. Qc2 Qxe5 13. O-O-O Bxc3 14. Qxc3 Qxc3+ 15. bxc3 O-O-O
16. Be2 f6 17. Rd4 Nb6 18. Rhd1 Rxd4 19. cxd4 Rd8 20. g4 {1-0 Raetsky,A-Boey,J/
Eupen op 25' (07)/1995/ (39)}) 10... Qh4+ 11. g3 Qe7 12. Be2 Nxe5 13. Bf4 Ng6
14. O-O-O Nxf4 15. gxf4 Rd8 16. Rxd8+ Kxd8 17. Nd5 Qc5+ 18. Kb1 Ba5 19. Rc1 Qd6
20. Rd1 Ke8 21. Bb5 {1-0 Henley,R-Miles,A/Surakarta/Denpasar/1982/ (26)}) (9.
e6 fxe6 10. e4 Bc5 11. Bf4 Bb6 12. Bc4 Qf6 13. Qd2 Ne5 14. Bxe5 Qxe5 15. O-O-O
O-O 16. Kb1 a5 17. Rhf1 Kh8 18. Ka1 a4 19. f4 Qf6 20. e5 Qe7 21. a3 Ba5 {
1/2-1/2 Schlenga,K-Knippel,M/NRW-I 8990/1990/ (53)}) 9... Bb4 (9... g5 10. Bg3
Qe7 11. Qb3 O-O-O 12. O-O-O Bg7 13. e4 Nc5 14. Qc2 Rxd1+ 15. Qxd1 Rd8 16. Qc2
Bxe5 17. Bc4 Rd4 18. Ne2 Rd8 19. Bxe5 Qxe5 20. Qc3 Qd6 {1/2-1/2 Eder,P-Ramlow,
M/Hofheim MVT (08)/1995/ (31)}) (9... Bc5 10. Qb3 Qe7 11. O-O-O O-O-O 12. e4 g5
13. Bg3 Be3+ 14. Kb1 Nxe5 15. Bb5 f6 16. Nd5 Bxd5 17. Qxe3 Nc6 18. Qf2 {
1-0 Dizdar,G-Porth,H/Hamburg Wichern op (03)/1993/}) 10. Qb3 Qh4+ (10... Qe7 $5
11. O-O-O Nc5 12. Qc4) 11. g3 Qe7 12. Bh3 {Black's development is fine but
white remains with his annoying spare P.} Nc5 (12... O-O 13. O-O-O Nc5 14. Qc4
$14) 13. Qc2 g5 (13... Rd8 14. O-O O-O 15. Rad1 $14) 14. Bd2 Qxe5 $2 {
Oblivious to the dangers connected with the a1-h8 diagonal.} (14... Rd8 $5 15.
O-O-O (15. a3 Rxd2 $1 16. Qxd2 (16. Kxd2 Ba4) 16... Nb3 17. Qd1 Bxc3+ 18. bxc3
Nxa1 19. Qxa1 Qxe5) 15... Qxe5 16. Qf5 (16. a3 Ba5 17. b4 Ba4 18. Nxa4 Qa1+ 19.
Qb1 Nb3+ 20. Kc2 Nd4+ 21. Kc1 Nb3+ $10 (21... Nxe2+ $6 22. Kc2 Qxa3 23. Rhe1
$16)) 16... Qxf5 17. Bxf5 $14) 15. a3 Ba5 (15... Bxf3 16. O-O Nb3 17. Qxb3 Bc5+
18. e3 Bxe3+ 19. Bxe3 Qxe3+ 20. Rf2 $18) 16. b4 Bxf3 (16... g4 17. Bxg4 h5 18.
Bh3 Bxf3 19. Bf4 Qe7 20. Rf1 $18) 17. O-O $1 {Is there any black piece already
in the play, that is not under threat? Rarely do plans fails in such a
spectacular way.} Bb6 (17... Nb3 18. Qxb3 Bb6+ 19. e3 $18) 18. exf3 Nb3+ (18...
Nd3+ 19. Kg2 Rd8 20. Rae1 $18) 19. Kg2 Nxa1 20. Rxa1 O-O 21. Re1 Qg7 (21... Qd4
22. Bxg5 $18) 22. Ne4 {On top of everything g5P is making a mess from the
kingside.} h6 (22... f6 23. Bc3 Qg6 24. Qb2 $18) 23. Nc5 (23. Bc3 Bd4 24. Bxd4
Qxd4 25. Qxc7 $18) 23... Bxc5 (23... Rfb8 24. Bc3 Qg6 25. Bf5 Qd6 26. Be6 $18)
24. bxc5 Rae8 25. Bc3 f6 (25... Rxe1 26. Bxg7 Kxg7 27. Qc3+ $18) (25... Qg6 26.
Bf5 Qc6 27. Bh7#) 26. Be6+ Kh8 27. Qf5 c6 28. Rd1 Re7 29. Rd6 h5 30. Bc4 (30.
Bc4 Rfe8 31. Bxf6 $18) 1-0

[Event "Rohde op 05th"]
[Site "Sautron"]
[Date "2005.10.25"]
[Round "4"]
[White "Geller, Jakov"]
[Black "Govciyan, Pavel"]
[Result "1-0"]
[WhiteElo "2490"]
[BlackElo "2358"]
[Annotator "Geller,J"]
[PlyCount "71"]
[EventDate "2005.10.22"]
[EventType "swiss"]
[EventRounds "9"]
[EventCountry "FRA"]
[SourceTitle "EXT 2006"]
[Source "ChessBase"]
[SourceDate "2005.11.24"]
[SourceVersion "1"]
[SourceVersionDate "2005.11.24"]
[SourceQuality "1"]

1. Nf3 Nc6 2. d4 d5 3. c4 e5 4. Nxe5 Nxe5 5. dxe5 d4 6. e3 Bb4+ 7. Bd2 Bc5 $146
(7... dxe3 8. Qa4+ Bd7 9. Qxb4 exd2+ 10. Nxd2 $16) 8. e4 (8. exd4 Qxd4 $17)
8... a5 9. Bd3 Ne7 10. O-O Nc6 11. f4 h5 12. Na3 Qe7 (12... g5 13. Nb5) 13. Nb5
(13. Nc2 $5 g5 14. Ne1 gxf4 15. Nf3 Nxe5 16. Nxe5 Qxe5 17. Bxf4 $14) 13... g5
14. f5 $2 {This is not good idea. I didn't see 21.h3 Be2!!} (14. e6 $5 Bxe6 (
14... fxe6 15. e5) 15. f5 Bc8 16. f6 (16. Bxg5 Qxg5 17. Nxc7+ Kf8 18. Nxa8 Ne5
$44) 16... Qe5 17. Bxg5 Qxg5 18. Nxc7+ Kf8 19. Nxa8 Ne5 $44) 14... Nxe5 15. f6
Qd8 16. Bxg5 c6 17. Bf4 (17. Na3 Rg8 $15) 17... Bg4 $1 18. Qd2 (18. Qb3 Nxd3
19. Nc7+ Kd7 20. Nxa8 Nxf4 21. Qxb7+ Ke6 22. Nc7+ Ke5 $13) 18... Nxd3 (18...
Bb4 $2 19. Qc2 $16) 19. Nc7+ Kd7 (19... Kf8 20. Bh6+ Kg8 21. Qg5+ Kh7 22. Qg7#)
20. Qxd3 (20. Nxa8 Nxf4 21. Qxf4 Qxa8 $17) 20... Rc8 21. Nd5 (21. h3 Be2 $3 $17
22. Qxe2 d3+ 23. Kh2 dxe2 24. Rad1+ exd1=Q 25. Rxd1+ Bd6 $1 $19 {and there is
no mate!}) (21. a3 a4 $1 22. Qd2 Rxc7 23. Qa5 b6 24. Qxa4 d3+ 25. Kh1 Qa8 $17)
21... cxd5 22. cxd5 (22. exd5 Qxf6 $17) 22... Be2 $1 23. Qh3+ (23. Qb3 d3+ 24.
Kh1 Qb6 $19) 23... Ke8 24. Rfc1 d3+ $6 {After this move the black has some
problems to win.} ({It was better simply} 24... Qd7 $5 25. Qg3 Qg4 (25... d3+
$4 26. Rxc5 $1 Rxc5 27. Qg7 Rf8 28. Bh6 $18) 26. Qf2 Rg8 $19 {and the white
has no compensation for a bishop}) 25. Be3 $1 (25. Kh1 Qd7 $19) 25... Bxe3+ (
25... b6 $17) ({The black may take rook, but after} 25... d2 $2 26. Rxc5 Rxc5
27. Bxc5 d1=Q+ 28. Rxd1 Bxd1 29. Qd3 $1 {the white is better!}) (25... Qd7 26.
Qg3 Bxe3+ 27. Qxe3 Rxc1+ 28. Rxc1 $44) 26. Qxe3 Rxc1+ 27. Rxc1 Qxf6 28. e5 ({
It was another possibility -} 28. Qg3 Qd4+ 29. Kh1 Bg4 30. Rf1 $5 (30. Qb8+ Ke7
31. Qxb7+ Kf8 32. Rf1 f6 $17) 30... d2 (30... f5 $5) 31. Qb8+ Ke7 32. Qxb7+ Bd7
33. Rxf7+ Kxf7 34. Qxd7+ $11) 28... Qh6 {During the game I thinked, that this
move is not good, but after another moves the black has problems too.} (28...
Qf5 29. e6 $5 (29. Qc5 d2) 29... fxe6 30. dxe6 Rf8 31. h4 $1 Rf6 32. Rc8+ Ke7
33. Qb6 Qf1+ 34. Kh2 Qf4+ 35. Kg1 $11) (28... Qd8 29. e6) 29. Qc5 Qg5 (29...
Bg4 30. Rf1 $5 (30. e6 fxe6 31. Qb5+) (30. h3 $5 d2 (30... Bf5 31. Rf1 $44) 31.
Rd1 $1 Kd7 (31... Bxd1 $4 32. Qc8+ Ke7 33. d6+ $18) 32. hxg4 hxg4 33. e6+ fxe6
34. dxe6+ Kxe6 35. Qb6+ $11) 30... d2 (30... Qg5 31. Qc7 d2 32. Qxf7+ Kd8 33.
d6 $1 Bd7 34. Qd5 Bc6 35. Qxa5+ Ke8 36. d7+ $1 Ke7 37. Qc5+ Kd8 38. Qa5+ b6 $1
39. Qxb6+ Kxd7 40. Qa7+ Kc8 41. Qa6+ Bb7 42. Qe6+ Kb8 43. Qd6+ $11) 31. e6 f5
32. Qc7 Rh7 33. Qc8+ Ke7 34. Qc7+ (34. Qc5+ Kd8 (34... Kf6 35. Qd4+ Kg6 $2 36.
d6 $16) 35. d6 Qxe6 36. Qxa5+ Kd7 37. Qxd2 Qxd6 38. Qc3 {The black has
problems with his king, but I think this position can be winning}) 34... Kf6
35. Qd8+ Kg6 (35... Kg7 36. Qe7+ Kg8 37. Qd8+ Qf8 38. Qg5+ Rg7 39. Qxd2 $13)
36. Qe8+ Kg5 37. d6 (37. h4+ Kxh4 38. Qd8+ Kg3 39. Qd6+ f4 40. Qc5 d1=N $1 41.
Qd4 Ne3 $17 {- i think, this position is difficult to playing for both sides.})
37... Qf6 (37... Rh8 38. d7 Qf6) 38. d7 Rh8 39. h4+ $1 Kxh4 40. e7 Qd4+ 41. Kh1
Rxe8 42. dxe8=Q d1=Q 43. Rxd1 Qxd1+ 44. Kh2 Qd6+ 45. Kh1 Kg3 46. Qd8 Qc6 47.
Qd3+ Kf2 48. Qd2+ Kf1 (48... Be2 49. Qf4+ Ke1 50. Qe5 Qe8 51. Qxa5+ $14) 49.
Qf4+ Ke2 50. Qe5+ Kf1 51. Qf4+ $11) 30. e6 {Here I offered a draw...} (30. h4
Qd8) 30... Rh7 $4 {.. but my opponent had thinked more than a half hour and
did a terrible move.} (30... Rg8 31. Qc8+ $1 Ke7 (31... Qd8 $2 32. Rc7 $3 Qxc8
33. exf7+ Kf8 34. fxg8=Q+ Kxg8 35. Rxc8+ Kf7 36. Kf2 $18) 32. Qxb7+ Kf6 33.
Qxf7+ Ke5 34. Qc7+ Ke4 35. Rc4+ Ke3 36. Qc5+ Kd2 37. Qxa5+ Kd1 38. Qa4+ Ke1 39.
Qb4+ $11) ({The black won after} 30... d2 $1 31. Qc8+ (31. exf7+ Kxf7 32. Qc7+
Kg6 33. Qd6+ Qf6 34. Qg3+ Kh7 35. Rc7+ Kh6 36. Qe3+ Kg6 37. Qg3+ Bg4 {- 31.Qc8}
) 31... Qd8 ({or} 31... Ke7 32. d6+ Kf6 33. Qxh8+ Kf5 34. Qh7+ Kxe6 35. Qe4+
Qe5 36. Qxe5+ Kxe5 37. Rb1 Kxd6 $19) 32. exf7+ Kxf7 33. Qe6+ Kg7 34. Qe5+ Qf6
35. Rc7+ Kg6 36. Qg3+ Bg4 $1 37. Qd3+ Bf5 38. Qg3+ (38. Qxd2 Qb6+ $19) 38...
Kh6 39. Qe3+ Qg5 40. Qb6+ Bg6 41. Qd4 Rg8 $19) (30... Qd8 $2 31. Qb5+ Ke7 (
31... Kf8 32. Qxb7 Qf6 33. exf7 Bg4 34. Rc7 Qd8 35. Qc6 $18) 32. Qxb7+ Kf6 33.
Qxf7+ $16) 31. Qc8+ Ke7 (31... Qd8 32. d6 $3 f6 (32... fxe6 33. Qxe6+ Re7 34.
dxe7 Qd4+ 35. Kh1 $18) (32... d2 33. d7+ Ke7 34. Qxd8+ Kxd8 35. Rc8+ $18) 33.
d7+ Rxd7 34. exd7+ Ke7 35. Rc4 d2 36. Re4+ Kf7 (36... Kd6 37. Rd4+ Ke7 38. Rxd2
Qb6+ 39. Kh1 $18) 37. Qxd8 d1=Q+ 38. Kf2 Qf1+ 39. Ke3 $18) 32. d6+ $1 Kf6 (
32... Kxd6 33. Qd7+ Ke5 34. Rc5+ $18) 33. Qd8+ (33. d7 Qe3+ 34. Kh1 $18) 33...
Kg6 34. Qxg5+ Kxg5 35. d7 Rh8 36. e7 1-0